বাংলার রাজনীতিতে উদারপন্থী মুসলিম রাজনীতিকদের ভূমিকা (১৯০৫-১৯২৫) / (Record no. 31075)
[ view plain ]
| 000 -LEADER | |
|---|---|
| fixed length control field | 01371nam a22002297a 4500 |
| 003 - CONTROL NUMBER IDENTIFIER | |
| control field | BDDh-ASL |
| 005 - DATE AND TIME OF LATEST TRANSACTION | |
| control field | 20231015031228.0 |
| 008 - FIXED-LENGTH DATA ELEMENTS--GENERAL INFORMATION | |
| fixed length control field | 230316s2002 b ||||| |||| 00| 0 b d |
| 040 ## - CATALOGING SOURCE | |
| Transcribing agency | BDDh-ASL |
| 041 ## - LANGUAGE CODE | |
| Language code of text/sound track or separate title | bengali |
| 082 ## - DEWEY DECIMAL CLASSIFICATION NUMBER | |
| Classification number | 297.5492 |
| Item number | AHB |
| 100 1# - MAIN ENTRY--PERSONAL NAME | |
| Personal name | আহমেদ, ইমতিয়াজ |
| 9 (RLIN) | 7444 |
| 245 10 - TITLE STATEMENT | |
| Title | বাংলার রাজনীতিতে উদারপন্থী মুসলিম রাজনীতিকদের ভূমিকা (১৯০৫-১৯২৫) / |
| 246 ## - VARYING FORM OF TITLE | |
| Title proper/short title | Banglar Rajnitite Udarponthi Muslim Rajnitijder Bhumika. |
| 260 ## - PUBLICATION, DISTRIBUTION, ETC. | |
| Place of publication, distribution, etc. | ঢাকা: |
| Name of publisher, distributor, etc. | বাংলাদেশ ইন্সষ্টিটিউট অব 'ল' এন্ড ইন্টারন্যাশনাল এ্যাফেয়ার্স (বিলিয়া), |
| Date of publication, distribution, etc. | ২০০২। |
| 300 ## - PHYSICAL DESCRIPTION | |
| Extent | ১৬৭ পৃষ্ঠা: |
| Dimensions | ২৫ সে.মি. |
| 504 ## - BIBLIOGRAPHY, ETC. NOTE | |
| Bibliography, etc. note | গ্রন্থপঞ্জি সংযুক্ত । |
| 650 #0 - SUBJECT ADDED ENTRY--TOPICAL TERM | |
| Topical term or geographic name entry element | Islamic History (ইসলামের ইতিহাস), Islamic Civilization, ইসলামী সভ্যতা, Isalāmī sabhyatā |
| 9 (RLIN) | 5885 |
| 650 #0 - SUBJECT ADDED ENTRY--TOPICAL TERM | |
| Topical term or geographic name entry element | History (ইতিহাস) |
| 9 (RLIN) | 4586 |
| 650 #0 - SUBJECT ADDED ENTRY--TOPICAL TERM | |
| Topical term or geographic name entry element | রাষ্ট্রবিজ্ঞান (Political Science), রাজনীতি, Rāṣṭrabijñāna |
| General subdivision | মুসলিম রাজনীতি |
| 9 (RLIN) | 6090 |
| 942 ## - ADDED ENTRY ELEMENTS (KOHA) | |
| Source of classification or shelving scheme | Dewey Decimal Classification |
| Koha item type | Books |
| Withdrawn status | Lost status | Source of classification or shelving scheme | Damaged status | Not for loan | Collection code | Home library | Current library | Shelving location | Date acquired | Source of acquisition | Total Checkouts | Full call number | Barcode | Date last seen | Copy number | Price effective from | Koha item type | Public note |
|---|---|---|---|---|---|---|---|---|---|---|---|---|---|---|---|---|---|---|
| Dewey Decimal Classification | Non-fiction | Asiatic Society Library | Asiatic Society Library | General Stacks | 03/16/2023 | ASB Library Collection | 297.5492 AHB | 119680 | 03/16/2023 | C-1 | 03/16/2023 | Books | ||||||
| Dewey Decimal Classification | Non-fiction | Asiatic Society Library | Asiatic Society Library | General Stacks | 04/01/2023 | Complimentary | 297.5492 AHB | 120290 | 04/01/2023 | C-2 | 04/01/2023 | Books | Y-2002 | |||||
| Dewey Decimal Classification | Non-fiction | Asiatic Society Library | Asiatic Society Library | General Stacks | 04/01/2023 | Complimentary | 297.5492 AHB | 120291 | 04/01/2023 | C-3 | 04/01/2023 | Books | Y-2002 | |||||
| Dewey Decimal Classification | Non-fiction | Asiatic Society Library | Asiatic Society Library | General Stacks | 01/23/2025 | ASB Library Collection | 297.5492 AHB | 125714 | 01/23/2025 | C-4 | 01/23/2025 | Books | Y-2002 |